000 00545nam a2200193 i 4500
001 sa 65001989
003 DLC
005 20260227112113.0
008 850219s1964 ii b 00010 beno
010 _asa 65001989 //r85
050 0 _aPK1718.R313
_bA83
100 1 0 _aRay, Sushil,
_d1915-
245 0 0 _aAnala-āẏati /
_cSuśīla Rāẏa.
260 0 _aKalikātā :
_bEsa. Si. Sarakāra,
_c[1964]
300 _a572 p. :
_bmap ;
_c23 cm.
500 _aIn Bengali.
500 _aA novel.
500 _a"Satīdāha-prathā niẏe baiṭi likhita."
999 _c62360
_d62360